00430nam a22001457a 450000500170000000800410001702000150005804100130007308200140008610000240010024500500012426000500017430000350022465000250025920231101131729.0231101b |||||||| |||| 00| 0 eng d a0620108614 aEnglish  a346.7 HON aHoney, DPlEnglish  aMVA Practice under Act 84 of 1986 /cDP Honey aPretoria : bJoan Lotter Publications, c1987 bxxvii, 400 pages ; c25,5 cm.  aLegal practice bLaw